British universities and teacher education : a century of change /

Bibliographic Details
Other Authors: Thomas, J. B. (John Bernard)
Format: Book
Language:English
Published: London ; New York : Falmer Press, 1990.
Subjects:

MARC

Tag First Indicator Second Indicator Subfields
LEADER 00000cam a2200000 a 4500
001 in00000915515
005 20150924124224.0
008 891206s1990 enk b 00100 eng
010 |a  89077245  
020 |a 1850007063 :  |c $42.00 
020 |a 1850007071 (pbk.) :  |c $20.00 
035 |a (OCoLC)20853226 
035 |9 AEP0893AM 
040 |a DLC  |c DLC  |d TXA  |d UtOrBLW 
043 |a e-uk--- 
049 |a TXAM  |c [A13139001] 
050 0 0 |a LB1725.G6  |b B75 1990 
082 0 0 |a 370.7/30941  |2 20 
245 0 0 |a British universities and teacher education :  |b a century of change /  |c edited by John B. Thomas. 
264 1 |a London ;  |a New York :  |b Falmer Press,  |c 1990. 
300 |a viii, 213 pages ;  |c 25 cm. 
336 |a text  |b txt  |2 rdacontent 
337 |a unmediated  |b n  |2 rdamedia 
338 |a volume  |b nc  |2 rdacarrier 
504 |a Includes bibliographical references and indexes. 
650 0 |a Teachers  |x Training of  |z Great Britain  |x History. 
650 0 |a Education  |x Study and teaching (Higher)  |z Great Britain. 
700 1 |a Thomas, J. B.  |q (John Bernard) 
999 |a MARS 
999 f f |s 8c09862a-a060-399a-91e2-584737b65861  |i 566b1d48-9a03-3733-8b08-e6c8fc87ff15  |t 0 
952 f f |p normal  |a Texas A&M University  |b College Station  |c Sterling C. Evans Library  |d Evans: Library Stacks  |t 0  |e LB1725.G6 B75 1990  |h Library of Congress classification  |i unmediated -- volume  |m A14813139001 
998 f f |a LB1725.G6 B75 1990  |t 0  |l Evans: Library Stacks